000 01225cam a22003494a 4500
001 14190932
003 ARRUPE
005 20221130113040.0
008 051206s2007 nyuab be 001 0 eng
010 _a 2005056750
015 _aGBA680791
_2bnb
016 7 _a013558086
_2Uk
020 _a0816061416 (alk. paper)
028 _bArrupe
035 _a(OCoLC)ocm62593733
040 _aDLC
_cDLC
_dDLC
042 _apcc
050 0 0 _aBL80.3
_b.E54 2006
082 0 0 _a200.3
_223
245 0 4 _aThe encyclopedia of world religions /
_cRobert S. Ellwood, general editor ; Gregory D. Alles, associate editor.
250 _aRev. ed.
260 _aNew York :
_bFacts on File,
_cc2007.
300 _axii, 514 p. :
_bill., maps ;
_c24 cm.
440 0 _aFacts on File library of religion and mythology
_952155
504 _aIncludes bibliographical references (p. 496-498) and index.
650 0 _aReligions
_vEncyclopedias.
_952156
700 1 _aEllwood, Robert S.,
_d1933-
_952157
700 1 _aAlles, Gregory D.
_952158
906 _a7
_bcbc
_corignew
_d1
_eocip
_f20
_gy-gencatlg
942 _2lcc
_cREFERENCE
999 _c131616
_d131616